000
00307nam a22001337a 4500
020
_q
HB.
040
_c
FIZZA ISHAQ
082
_a
526.9
_b
JON
100
_a
OLUSEGUN,JOHN.
_9
90713
245
_a
PRECISION SURVEYING /
_c
JOHN OLUSEGUN.
260
_a
WILEYSON ;
_c
2016.
300
_a
619 P. ;
942
_2
ddc
_c
BK
999
_c
588923
_d
588923